Веб-приложение для построения оперативной отчетности; Молодежь и современные информационные технологии; Т. 2

Bibliografiske detaljer
Parent link:Молодежь и современные информационные технологии: сборник трудов XIV Международной научно-практической конференции студентов, аспирантов и молодых ученых, г. Томск, 7-11 ноября 2016 г./ Национальный исследовательский Томский политехнический университет (ТПУ), Институт кибернетики (ИК) ; под ред. В. С. Аврамчук [и др.].— , 2016
Т. 2.— 2016.— [С. 82-83]
Hovedforfatter: Квасникова И. К.
Institution som forfatter: Национальный исследовательский Томский политехнический университет (ТПУ) Институт кибернетики (ИК)
Andre forfattere: Лепустин А. В. Алексей Владимирович (научный руководитель)
Summary:Заглавие с титульного экрана
Sprog:russisk
Udgivet: 2016
Serier:Информационные технологии в производстве и управлении
Fag:
Online adgang:http://earchive.tpu.ru/handle/11683/37132
Format: MixedMaterials Electronisk Book Chapter
KOHA link:https://koha.lib.tpu.ru/cgi-bin/koha/opac-detail.pl?biblionumber=622257

MARC

LEADER 00000naa2a2200000 4500
001 622257
005 20231101133213.0
035 |a (RuTPU)RU\TPU\conf\20936 
035 |a RU\TPU\conf\20935 
090 |a 622257 
100 |a 20170213d2016 k y0rusy50 ca 
101 0 |a rus 
102 |a RU 
105 |a y z 101zy 
135 |a drcn ---uucaa 
181 0 |a i  
182 0 |a b 
200 1 |a Веб-приложение для построения оперативной отчетности  |f И. К. Квасникова  |g науч. рук. А. В. Лепустин 
203 |a Текст  |c электронный 
225 1 |a Информационные технологии в производстве и управлении 
230 |a 1 компьютерный файл (pdf; 398 Kb) 
300 |a Заглавие с титульного экрана 
320 |a [Библиогр.: с. 83 (3 назв.)] 
461 1 |0 (RuTPU)RU\TPU\conf\20573  |t Молодежь и современные информационные технологии  |o сборник трудов XIV Международной научно-практической конференции студентов, аспирантов и молодых ученых, г. Томск, 7-11 ноября 2016 г.  |o в 2 т.  |f Национальный исследовательский Томский политехнический университет (ТПУ), Институт кибернетики (ИК) ; под ред. В. С. Аврамчук [и др.]  |d 2016 
463 0 |0 (RuTPU)RU\TPU\conf\20575  |t Т. 2  |v [С. 82-83]  |d 2016 
610 1 |a электронный ресурс 
610 1 |a труды учёных ТПУ 
610 1 |a веб-приложения 
610 1 |a планирование 
610 1 |a отчетность 
610 1 |a базы данных 
610 1 |a данные 
610 1 |a информационные системы 
610 1 |a программные продукты 
610 1 |a качество 
610 1 |a образование 
700 1 |a Квасникова  |b И. К. 
702 1 |a Лепустин  |b А. В.  |c специалист в области информатики и вычислительной техники  |c старший преподаватель Томского политехнического университета  |f 1984-  |g Алексей Владимирович  |2 stltpush  |4 727 
712 0 2 |a Национальный исследовательский Томский политехнический университет (ТПУ)  |b Институт кибернетики (ИК)  |2 stltpush  |3 (RuTPU)RU\TPU\col\18397 
801 2 |a RU  |b 63413507  |c 20170217  |g RCR 
856 4 |u http://earchive.tpu.ru/handle/11683/37132 
942 |c BK